| 000 | 01015nam a2200133Ia 4500 | ||
|---|---|---|---|
| 008 | 220615s9999||||xx |||||||||||||| ||und|| | ||
| 020 | _a9783040000000 | ||
| 245 | 0 | _aCoatings Imparting Multifunctional Properties to Materials | |
| 546 | _aEnglish[eng] | ||
| 650 | _acellulose textile material||microencapsulation||antibacterial||antimycotic||wound healing properties||silver||polyelectrolyte microcapsules||multifunctional||carbon soot coatings||super-nonwettable||nanostructured polymer coating||polyacrylate dispersion||nanodispersed fillers||graft copolymers||composite parts of a garment||superhydrophobic||oleophobic||click chemistry||silica||fluorinated epoxy||coatings||polypropylene yarn||polytetrafluoroethylene||magnetite nanoparticles||barrier antimicrobial properties||surface electrical resistance||chemical resistance||tensile strength||alumina (Al2O3) coating||self-cleaning||composite coating||n/a | ||
| 700 | _aProrokova, N. P. | ||
| 856 | _uhttps://mdpi.com/books/pdfview/book/4575 | ||
| 942 | _cEB | ||
| 999 |
_c15420 _d15420 |
||